000
00302nam a2200097Ia 4500
008
230822s1999 xx 000 0 und d
041
_a
eng
100
_a
STEIN B. & REYNOLDS J & MCGUINNESS W
245
_a
MECHANICAL AND ELECTRICAL EQUIPMENT FOR BUILDINGS 7TH ED VOL II, PART 6 & 7
260
_b
NULL
_c
1999
999
_c
861997
_d
861997